Flaggen Afrikas - Statistiken

Allgemein
  • Dieses Quiz wurde 65 mal gespielt
  • Das Durchschnittsergebnis liegt bei 43 aus 54
Antwortstatistiken
Bildquiz Antwort % Korrekt
Marokko
100%
Ägypten
91%
Algerien
91%
Elfenbeinküste
91%
Kenia
91%
Südafrika
91%
Tunesien
91%
Angola
88%
Seychellen
88%
Uganda
88%
Eswatini
85%
Lesotho
85%
Nigeria
85%
Äthiopien
82%
Botswana
82%
Kamerun
82%
Kap Verde
82%
Liberia
82%
Madagaskar
82%
Mosambik
82%
Niger
82%
Senegal
82%
Tschad
82%
Burundi
79%
Demokratische Republik Kongo
79%
Ghana
79%
Mauretanien
79%
Namibia
79%
Sambia
79%
Burkina Faso
76%
Eritrea
76%
Gabun
76%
Mauritius
76%
Somalia
76%
Tansania
76%
Zentralafrikanische Republik
76%
Äquatorialguinea
74%
Benin
74%
Gambia
74%
Guinea
74%
Guinea-Bissau
74%
Libyen
74%
Malawi
74%
Mali
74%
Sierra Leone
74%
Sudan
74%
Südsudan
74%
Togo
74%
Dschibuti
71%
Komoren
71%
Republik Kongo
71%
Ruanda
71%
São Tomé und Príncipe
71%
Simbabwe
65%
Keine übereinstimmenden Quizze gefunden
Verteilung der Resultate
Anzahl Personen mit jedem Resultat
Perzentil nach korrekt beantworteten Fragen
Ihre Resultats-Entwicklung
Sie haben dieses Quiz noch nicht gespielt